Co přinášejí směrnice EU k harmonizaci přímých daní?

Prehľad smerníc EÚ k priamym daniam. Obsah a cieľ smerníc EÚ k priamym daniam. Dopady na daňové subjekty.

Salvato in:
Dettagli Bibliografici
Autore principale: Kubátová, Květa
Natura: Capitolo di libro
Lingua:ceco
Soggetti:
Tags: Aggiungi Tag
Nessun Tag, puoi essere il primo ad aggiungerne!!

MARC

LEADER 00000naa$a2200000$$$4500
001 0027176
005 20231114081638.5
041 0 |a cze 
044 |a CZ 
245 1 0 |a Co přinášejí směrnice EU k harmonizaci přímých daní?  |c Květa Kubátová 
520 |a Prehľad smerníc EÚ k priamym daniam. Obsah a cieľ smerníc EÚ k priamym daniam. Dopady na daňové subjekty. 
610 2 0 |a harmonizácia 
610 2 0 |a Európska únia 
610 2 0 |a dane priame 
610 2 0 |a smernice 
610 2 0 |a trh medzinárodný 
610 2 0 |a aproximácia práva 
100 1 |a Kubátová, Květa